000 00563nam a22001817a 4500
003 UA-OsUOA
001 15987
007 ta
008 20031215b un ||||| |||| 00| 0 ukr d
100 _aСтепанюк М.
942 _cSA
040 _aUA-OsUOA
_cUA-OsUOA
_dUA-OsUOA
245 _aСтань "касиром"
_b[У Рівному функціонує міськ. лікарн. каса]
300 _aС.5
955 _a0
773 0 _w0
_tПанорама
_dРівне
_d2003
_g№45/7 листоп./
650 7 _aКраєзнавча робота
_2UDC
999 _c302152
_d302152